000 00646nam a22002057a 4500
005 20140313100407.0
008 131217b xxu||||| |||| 00| 0 eng d
020 _a9780071807227 HG 4521 .M664 2013
050 _aHG 4661
_b.M554 2013
100 _aMinervini, Mark.
245 _aTrade like a stock market wizard :
_bhow to achieve superperformance in stocks in any market /
_cMark Minervini.
260 _aMaidenhead :
_bMcGraw-Hill,
_c2013.
300 _ax, 331 p. :
_bill. ;
_c23 cm.
504 _aIncludes Index.
521 _aBSBA
650 _aInvestments.
650 _aSpeculation.
942 _2lcc
_cBK
_kFOR
999 _c25860
_d25860